Statistics for Christmas Food and drinks

Click here to take the quiz!

General Stats

  • This quiz has been taken 88 times
  • The average score is 27 of 40

Answer Stats

Answer% Correct
Turkey
97%
Broccoli
96%
Candy cane
96%
Carrot
96%
Nuts
96%
Peas
96%
Brussels sprouts
93%
Red wine
93%
Stilton
93%
Orange
92%
Ham
88%
Biscuit
86%
Chocolate
85%
Cupcake
85%
Hot chocolate
82%
Gingerbread men
81%
Roast Potato
81%
Eggnog
79%
Brownie
77%
Cabbage
68%
Batter pudding
64%
Stuffing
63%
Beef
62%
Parsnip
62%
Quiche
62%
Yule log
58%
Christmas pudding
53%
Mince pies
52%
Mulled wine
52%
Lamb
51%
Pigs in blankets
51%
Pickled onions
47%
Pickled beetroot
45%
Cranberry sauce
40%
Cheese and Crackers
37%
Brandy
36%
profiteroles
29%
Panettone
18%
viennetta
14%
Pickeled Gerkins
10%

Score Distribution

Percentile by Number Answered

Percent of People with Each Score

Your Score History

You have not taken this quiz